[Event "Lancaran op-A"]
[Site "Lancaran"]
[Date "2025.07.08"]
[Round "3"]
[White "Davudov, Tunar"]
[Black "Manafov, Vugar Gulam"]
[Result "1-0"]
[WhiteElo "2250"]
[BlackElo "2419"]
[PlyCount "103"]
[EventDate "2025.07.07"]
[EventType "swiss"]
[EventRounds "9"]
[EventCountry "AZE"]
[SourceTitle "CB29_2025"]
[SourceDate "2025.07.16"]
[SourceVersion "1"]
[SourceVersionDate "2025.07.16"]
[SourceQuality "1"]

1. d4 Nf6 2. c4 e6 3. Nf3 Bb4+ 4. Bd2 a5 5. g3 d5 6. Bg2 0-0 7. Qc1 Be7 8. 0-0 c6 9. Bf4 Nbd7 10. Rd1 a4 11. Qc2 Qa5 12. Nbd2 Nh5 13. Bg5 f6 14. Be3 g5 15. Nf1 Qd8 16. Bd2 f5 17. Ne5 Bd6 18. Bc3 Qf6 19. cxd5 exd5 20. Nd3 Re8 21. b4 b5 22. Rac1 Bb7 23. Ne3 Ng7 24. Nc5 Nxc5 25. dxc5 Be5 26. Bxe5 Qxe5 27. Nxd5 cxd5 28. c6 Bc8 29. Rxd5 Qxe2 30. Qxe2 Rxe2 31. c7 Ra7 32. Rxb5 Ne8 33. Rb8 Rxc7 34. Rxc7 Re1+ 35. Bf1 Nxc7 36. Rxc8+ Ne8 37. Kg2 Kf7 38. Ra8 Nd6 39. Rxa4 Rb1 40. Bd3 Rb2 41. Ra6 Ke7 42. b5 Kd7 43. Kf3 Nxb5 44. Bxf5+ Ke7 45. Bxh7 Nc3 46. Rc6 Nxa2 47. Rc2 Rb3+ 48. Kg4 Nb4 49. Rc7+ Kf6 50. Rb7 Rb2 51. Rb6+ Kg7 52. Be4 1-0

[Event "Lancaran op-A"]
[Site "Lancaran"]
[Date "2025.07.08"]
[Round "2"]
[White "Manafov, Vugar Gulam"]
[Black "Rzayev, Askar Aliakbar"]
[Result "1-0"]
[WhiteElo "2419"]
[BlackElo "2079"]
[PlyCount "49"]
[EventDate "2025.07.07"]
[EventType "swiss"]
[EventRounds "9"]
[EventCountry "AZE"]
[SourceTitle "CB29_2025"]
[SourceDate "2025.07.16"]
[SourceVersion "1"]
[SourceVersionDate "2025.07.16"]
[SourceQuality "1"]

1. Nf3 Nf6 2. g3 b6 3. Bg2 Bb7 4. 0-0 g6 5. d4 Bg7 6. c4 0-0 7. d5 e6 8. Nc3 exd5 9. cxd5 Re8 10. Nd4 c5 11. dxc6 dxc6 12. Bf4 Qe7 13. Bxb8 Raxb8 14. Nxc6 Bxc6 15. Bxc6 Red8 16. Qb3 Rd2 17. Rad1 Rbd8 18. Nd5 R8xd5 19. Bxd5 Rxe2 20. Bc4 Re5 21. Qd3 Qc5 22. Rc1 Qe7 23. Rfd1 Bf8 24. Bb3 h5 25. Qxg6+ 1-0

[Event "Sheki op-A"]
[Site "Sheki"]
[Date "2025.06.24"]
[Round "8"]
[White "Guliev, Sarhan"]
[Black "Manafov, Vugar Gulam"]
[Result "0-1"]
[WhiteElo "2221"]
[BlackElo "2415"]
[PlyCount "80"]
[EventDate "2025.06.19"]
[EventType "swiss"]
[EventRounds "9"]
[EventCountry "AZE"]
[SourceTitle "CB27_2025"]
[SourceDate "2025.07.02"]
[SourceVersion "1"]
[SourceVersionDate "2025.07.02"]
[SourceQuality "1"]

1. d4 Nf6 2. c4 e6 3. Nc3 Bb4 4. e3 0-0 5. Nge2 c6 6. a3 Ba5 7. Ng3 d5 8. Bd3 dxc4 9. Bxc4 e5 10. 0-0 Nbd7 11. Qc2 exd4 12. exd4 Bc7 13. Ba2 Nb6 14. Nce2 Re8 15. Bg5 Qd6 16. Rad1 Nbd5 17. Nc3 h6 18. Bxf6 Nxf6 19. d5 Bg4 20. f3 Bd7 21. Nce4 Nxe4 22. fxe4 c5 23. Qf2 f6 24. Rfe1 Kh8 25. Nf1 b5 26. g3 c4 27. Kg2 Rac8 28. Bb1 Ba5 29. Qc2 Qe5 30. Re3 Bb6 31. Rf3 Bg4 32. Nd2 f5 33. Rdf1 fxe4 34. Nxe4 Bxf3+ 35. Rxf3 g6 36. Nc3 Rg8 37. Qd2 Kg7 38. Rf4 Be3 39. Qc2 Bxf4 40. Qxg6+ Kf8 0-1

[Event "Baku op-A"]
[Site "Baku"]
[Date "2025.05.05"]
[Round "8"]
[White "Harshavardhan, GB."]
[Black "Manafov, Vugar Gulam"]
[Result "1-0"]
[WhiteElo "2441"]
[BlackElo "2432"]
[PlyCount "107"]
[EventDate "2025.04.28"]
[EventType "swiss"]
[EventRounds "9"]
[EventCountry "AZE"]
[SourceTitle "CB19_2025"]
[SourceDate "2025.05.07"]
[SourceVersion "1"]
[SourceVersionDate "2025.05.07"]
[SourceQuality "1"]

1. e4 c5 2. Nf3 e6 3. d4 cxd4 4. Qxd4 Nc6 5. Qe3 Nf6 6. Nc3 Bb4 7. a3 Ba5 8. Bd2 0-0 9. e5 Bxc3 10. Qxc3 Ne4 11. Qe3 Nxd2 12. Qxd2 f6 13. exf6 Qxf6 14. 0-0-0 b5 15. c3 Na5 16. Qc2 Nc4 17. Bd3 Qh6+ 18. Kb1 Bb7 19. Bxc4 bxc4 20. Rxd7 Bd5 21. Ka2 a5 22. h4 Qf4 23. Rh3 Qf5 24. Qxf5 Rxf5 25. h5 Raf8 26. h6 R8f7 27. Rd8+ Rf8 28. Rd7 R8f7 29. Rd8+ Rf8 30. Rd6 gxh6 31. Rxh6 R5f7 32. Rb6 Rg7 33. Rh2 Rb7 34. Rxb7 Bxb7 35. a4 Bd5 36. Rh4 Rf6 37. Ka3 Kg7 38. Ne5 Rxf2 39. Nxc4 Rxg2 40. Nxa5 Kg6 41. c4 Ba8 42. Rd4 h5 43. b4 Kg5 44. b5 h4 45. Rd8 Bf3 46. b6 h3 47. Rh8 h2 48. c5 Kg4 49. c6 Bxc6 50. Rxh2 Rxh2 51. Nxc6 Rh7 52. a5 e5 53. a6 e4 54. b7 1-0

[Event "Baku op-A"]
[Site "Baku"]
[Date "2025.05.02"]
[Round "5"]
[White "Manafov, Vugar Gulam"]
[Black "Orujov, Farid"]
[Result "1/2-1/2"]
[WhiteElo "2432"]
[BlackElo "2283"]
[PlyCount "57"]
[EventDate "2025.04.28"]
[EventType "swiss"]
[EventRounds "9"]
[EventCountry "AZE"]
[SourceTitle "CB19_2025"]
[SourceDate "2025.05.07"]
[SourceVersion "1"]
[SourceVersionDate "2025.05.07"]
[SourceQuality "1"]

1. d4 Nf6 2. c4 c6 3. Nc3 d5 4. e3 e6 5. Nf3 Nbd7 6. Qc2 Bd6 7. Bd3 0-0 8. 0-0 e5 9. cxd5 cxd5 10. dxe5 Nxe5 11. Be2 Bg4 12. Nd4 Rc8 13. Bxg4 Nexg4 14. h3 Ne5 15. Qb3 Nc4 16. Qxb7 a5 17. Qb3 Ne4 18. Rd1 Qf6 19. Qc2 Qg6 20. Ndb5 Bb4 21. f3 Nxc3 22. Qxg6 Ne2+ 23. Kf2 hxg6 24. Kxe2 Nxb2 25. Bxb2 Rc2+ 26. Kf1 Rxb2 27. Rdb1 Rd2 28. Nd4 Re8 29. Rd1 1/2-1/2

[Event "Baku op-A"]
[Site "Baku"]
[Date "2025.04.30"]
[Round "3"]
[White "Manafov, Vugar Gulam"]
[Black "Bhagat, Kush"]
[Result "1/2-1/2"]
[WhiteElo "2432"]
[BlackElo "2279"]
[PlyCount "49"]
[EventDate "2025.04.28"]
[EventType "swiss"]
[EventRounds "9"]
[EventCountry "AZE"]
[SourceTitle "CB19_2025"]
[SourceDate "2025.05.07"]
[SourceVersion "1"]
[SourceVersionDate "2025.05.07"]
[SourceQuality "1"]

1. Nf3 Nf6 2. g3 g6 3. b3 Bg7 4. Bb2 0-0 5. Bg2 d6 6. d4 b5 7. 0-0 Bb7 8. c4 a6 9. Na3 b4 10. Nc2 a5 11. Nd2 Bxg2 12. Kxg2 c5 13. d5 Re8 14. Re1 Nbd7 15. a4 e5 16. e4 h5 17. Nf3 Nh7 18. Qd2 Ndf8 19. Ne3 Bh6 20. Qe2 Nd7 21. Rf1 Ndf6 22. Qd3 Qd7 23. Rae1 Rf8 24. Bc1 Rae8 25. Bd2 1/2-1/2

[Event "EU-ch 25th"]
[Site "Eforie Nord"]
[Date "2025.03.25"]
[Round "10"]
[White "Ciorgovean, Iustin"]
[Black "Manafov, Vugar Gulam"]
[Result "1/2-1/2"]
[WhiteElo "2267"]
[BlackElo "2428"]
[PlyCount "103"]
[EventDate "2025.03.15"]
[EventType "swiss"]
[EventRounds "11"]
[EventCountry "ROU"]
[SourceTitle "CB13_2025"]
[SourceDate "2025.03.26"]
[SourceVersion "1"]
[SourceVersionDate "2025.03.26"]
[SourceQuality "1"]

1. e4 c5 2. Nf3 e6 3. d4 cxd4 4. Nxd4 a6 5. c4 Nf6 6. Nc3 Qc7 7. a3 b6 8. f4 Bb7 9. Bd3 Nc6 10. Nxc6 Qxc6 11. Qe2 Bc5 12. Be3 Bxe3 13. Qxe3 Qc5 14. Qxc5 bxc5 15. e5 Ng4 16. 0-0 Ke7 17. Rae1 Nh6 18. Rf2 Nf5 19. Bxf5 exf5 20. Na4 Rac8 21. Rd2 Rc7 22. Re3 Be4 23. Rb3 Ra8 24. Rb6 Raa7 25. Kf2 a5 26. g3 f6 27. b3 fxe5 28. fxe5 Rc8 29. h4 Kd8 30. e6 Ke7 31. exd7 Rxd7 32. Rxd7+ Kxd7 33. Ra6 Bb7 34. Rxa5 Kd6 35. Ke3 Re8+ 36. Kd2 Bf3 37. Ra6+ Kc7 38. Ra7+ Kd6 39. Nc3 Rb8 40. Nb5+ Ke5 41. Rxg7 Rd8+ 42. Ke3 Be4 43. Rxh7 Rd3+ 44. Kf2 Rf3+ 45. Ke1 Rxg3 46. b4 Kf4 47. Kd2 Rd3+ 48. Ke2 Rb3 49. Nd6 Re3+ 50. Kf2 Rf3+ 51. Ke2 Re3+ 52. Kf2 1/2-1/2

[Event "AZE-ch 79th"]
[Site "Baku"]
[Date "2025.02.03"]
[Round "1.2"]
[White "Iskandarov, Misratdin"]
[Black "Manafov, Vugar Gulam"]
[Result "1-0"]
[WhiteElo "2515"]
[BlackElo "2431"]
[PlyCount "125"]
[EventDate "2025.02.01"]
[EventType "k.o."]
[EventRounds "5"]
[EventCountry "AZE"]
[SourceTitle "CB08_2025"]
[SourceDate "2025.02.19"]
[SourceVersion "1"]
[SourceVersionDate "2025.02.19"]
[SourceQuality "1"]

1. e4 c5 2. Nf3 e6 3. Nc3 a6 4. Be2 d5 5. exd5 exd5 6. d4 Nf6 7. 0-0 cxd4 8. Nxd4 Be7 9. Bf3 0-0 10. Nde2 Nc6 11. Nxd5 Nxd5 12. Qxd5 Qxd5 13. Bxd5 Bf5 14. Bxc6 bxc6 15. Nd4 Bd7 16. Be3 Bf6 17. c3 Rab8 18. Nb3 Be6 19. Rfd1 a5 20. Bc5 Rfe8 21. Ba3 Bxb3 22. axb3 Rxb3 23. Kf1 g6 24. Rd7 Bg7 25. g4 h5 26. gxh5 gxh5 27. Rc7 Re6 28. Rd1 Rf6 29. Rd8+ Kh7 30. Rdd7 Kg8 31. Rb7 Rb5 32. Rxb5 cxb5 33. Rd8+ Kh7 34. Rd5 Rb6 35. Bc5 Ra6 36. Rxh5+ Kg6 37. Rd5 b4 38. cxb4 axb4 39. Bd4 Ra1+ 40. Ke2 Rb1 41. Bxg7 Kxg7 42. Rd2 b3 43. Ke3 Kf6 44. Kf4 Ke6 45. f3 f5 46. h3 Kf6 47. h4 Ke6 48. h5 Rh1 49. Rd3 Rxh5 50. Rxb3 Rh3 51. Rb6+ Kd7 52. Rb5 Ke6 53. Re5+ Kd6 54. Re2 Kd7 55. Re3 Rh5 56. Ke5 Rh2 57. b3 Rh5 58. f4 Ke7 59. Rd3 Kf7 60. Rd7+ Ke8 61. Rb7 Kd8 62. Kf6 Kc8 63. Rb4 1-0

[Event "Wch Blitz"]
[Site "New York"]
[Date "2024.12.30"]
[Round "11"]
[White "Gagunashvili, Merab"]
[Black "Manafov, Vugar Gulam"]
[Result "1/2-1/2"]
[WhiteElo "2541"]
[BlackElo "2431"]
[PlyCount "253"]
[EventDate "2024.12.30"]
[EventType "swiss (blitz)"]
[EventRounds "13"]
[EventCountry "USA"]
[SourceTitle "CB01_2025"]
[SourceDate "2025.01.01"]
[SourceVersion "1"]
[SourceVersionDate "2025.01.01"]
[SourceQuality "1"]

1. d4 Nf6 2. c4 e6 3. Nc3 Bb4 4. Qc2 0-0 5. a3 Bxc3+ 6. Qxc3 b6 7. Bg5 Bb7 8. e3 d6 9. Ne2 Nbd7 10. Qd3 h6 11. Bh4 e5 12. Nc3 Qe7 13. Rd1 Rfe8 14. d5 Rad8 15. Be2 e4 16. Qc2 a5 17. b4 axb4 18. axb4 Ra8 19. 0-0 Ba6 20. Ra1 Qe5 21. Bg3 Qg5 22. Ra2 Bb7 23. Rfa1 Rab8 24. Nb5 Rec8 25. Ra7 Ne5 26. Nc3 Qf5 27. f3 Re8 28. Nxe4 Nxe4 29. Qxe4 Qxe4 30. fxe4 Nd7 31. c5 bxc5 32. Bb5 Bc8 33. Bxd7 Bxd7 34. Rxc7 Bg4 35. bxc5 dxc5 36. Rxc5 Rb2 37. e5 Bf5 38. Rc4 Rd2 39. d6 Rb8 40. Rf4 Be6 41. Rf2 Rbb2 42. Rxd2 Rxd2 43. e4 g5 44. Bf2 Kg7 45. h3 Kg6 46. g4 Rd3 47. Kg2 h5 48. Ra8 hxg4 49. hxg4 Bxg4 50. Rg8+ Kh6 51. Kf1 Be6 52. Ke2 Rb3 53. Be3 Bc4+ 54. Kf2 Kh7 55. Rxg5 Be6 56. Rg3 Rb4 57. Rg1 Rxe4 58. Rg5 Ra4 59. Rg1 Ra2+ 60. Kg3 Ra3 61. Kf4 Ra4+ 62. Kg5 Kg7 63. Kh5+ Kh7 64. Bh6 Re4 65. Bg7 Re2 66. Bf6 Rh2+ 67. Kg5 Bd7 68. Kf4 Be6 69. Rg7+ Kh6 70. Rg8 Rd2 71. Ke3 Rd1 72. Rg2 Kh5 73. Rb2 Kg4 74. Ke2 Rd5 75. Rb4+ Kf5 76. Ke3 Rd1 77. Rb8 Bd7 78. Rg8 Ke6 79. Rg5 Bc6 80. Rh5 Re1+ 81. Kd2 Re4 82. Rh6 Kf5 83. Bg7 Kg5 84. Rh2 Kf5 85. Kc3 Re1 86. Kd4 Rd1+ 87. Kc5 Ba4 88. Rf2+ Ke6 89. Rf6+ Kxe5 90. Rxf7+ Ke4 91. Re7+ Kf5 92. Bf8 Rc1+ 93. Kb4 Bc6 94. Rc7 Rb1+ 95. Kc5 Ba4 96. Ra7 Rc1+ 97. Kd4 Rd1+ 98. Kc5 Be8 99. Kb6 Rd3 100. Kc7 Ke6 101. Kd8 Bb5 102. Ra5 Bd7 103. Ra1 Bb5 104. Re1+ Kf7 105. Be7 Rd5 106. Rb1 Ke6 107. Kc7 Ba4 108. Re1+ Kf7 109. Bh4 Rc5+ 110. Kb7 Rd5 111. Bg3 Rd3 112. Be5 Bd7 113. Kc7 Bh3 114. Bf4 Rd4 115. Bg3 Rd3 116. Re7+ Kg6 117. Be5 Rd5 118. Rg7+ Kh6 119. Re7 Rc5+ 120. Kb6 Rd5 121. Re8 Kg6 122. Kc7 Rc5+ 123. Kd8 Rc8+ 124. Ke7 Rxe8+ 125. Kxe8 Bg4 126. d7 Bxd7+ 127. Kxd7 1/2-1/2

[Event "Wch Blitz"]
[Site "New York"]
[Date "2024.12.30"]
[Round "9"]
[White "Lazavik, Denis"]
[Black "Manafov, Vugar Gulam"]
[Result "1-0"]
[WhiteElo "2578"]
[BlackElo "2431"]
[PlyCount "47"]
[EventDate "2024.12.30"]
[EventType "swiss (blitz)"]
[EventRounds "13"]
[EventCountry "USA"]
[SourceTitle "CB01_2025"]
[SourceDate "2025.01.01"]
[SourceVersion "1"]
[SourceVersionDate "2025.01.01"]
[SourceQuality "1"]

1. d4 Nf6 2. c4 e6 3. Nc3 Bb4 4. a3 Bxc3+ 5. bxc3 Ne4 6. Qd3 f5 7. f3 Nd6 8. c5 Nf7 9. e4 fxe4 10. fxe4 0-0 11. Qg3 b6 12. cxb6 axb6 13. Nf3 Nc6 14. Bd3 Ba6 15. Bxa6 Rxa6 16. 0-0 Ra5 17. c4 Ra4 18. d5 Na5 19. Bb2 g6 20. Ne5 Nxc4 21. Nxg6 Nxb2 22. Nxf8+ Kxf8 23. Rxf7+ Kxf7 24. Rf1+ 1-0

[Event "Wch Blitz"]
[Site "New York"]
[Date "2024.12.30"]
[Round "10"]
[White "Manafov, Vugar Gulam"]
[Black "Deac, Bogdan Daniel"]
[Result "0-1"]
[WhiteElo "2431"]
[BlackElo "2696"]
[PlyCount "146"]
[EventDate "2024.12.30"]
[EventType "swiss (blitz)"]
[EventRounds "13"]
[EventCountry "USA"]
[SourceTitle "CB01_2025"]
[SourceDate "2025.01.01"]
[SourceVersion "1"]
[SourceVersionDate "2025.01.01"]
[SourceQuality "1"]

1. Nf3 d5 2. g3 Nd7 3. Bg2 e5 4. 0-0 c6 5. d3 Ngf6 6. c4 dxc4 7. dxc4 Bc5 8. Nc3 0-0 9. Qc2 h6 10. Rd1 Qe7 11. Na4 Bd6 12. Nh4 Nc5 13. Nxc5 Bxc5 14. Nf5 Qc7 15. Bd2 a5 16. Bc3 Re8 17. b3 Be6 18. Rd2 Rad8 19. Rad1 Rxd2 20. Rxd2 Bb4 21. Ne3 Nd7 22. Rd1 Bxc3 23. Qxc3 Nc5 24. h4 h5 25. Nc2 g6 26. Ne1 Bf5 27. Nf3 f6 28. e3 Rd8 29. Qe1 Nd3 30. Qc3 Nb4 31. Rd2 Rxd2 32. Qxd2 Qd7 33. a3 Qxd2 34. Nxd2 Nc2 35. a4 Kf7 36. Be4 Bxe4 37. Nxe4 Ke7 38. Kf1 f5 39. Nd2 Kd6 40. Ke2 e4 41. Kd1 Nb4 42. Nb1 Nd3 43. Ke2 Nc1+ 44. Kd2 Nxb3+ 45. Kc2 Nc5 46. Nc3 Ke5 47. Kd2 Ke6 48. Kc2 Nd3 49. f4 Kd6 50. Ne2 Nc5 51. Nc3 Kd7 52. Kd2 Kc7 53. Kd1 Kd6 54. Kc2 Ne6 55. Nb1 Kc5 56. Kb3 b5 57. axb5 cxb5 58. cxb5 Kxb5 59. Nc3+ Kc5 60. Na4+ Kc6 61. Kc4 Nc7 62. Nc3 Na8 63. Kd4 Nb6 64. Ke5 Kc5 65. Kf6 Nd5+ 66. Nxd5 Kxd5 67. Kxg6 a4 68. Kxh5 a3 69. Kg6 a2 70. h5 a1Q 71. h6 Ke6 72. h7 Qf6+ 73. Kh5 Qg7 0-1

[Event "Wch Blitz"]
[Site "New York"]
[Date "2024.12.30"]
[Round "8"]
[White "Manafov, Vugar Gulam"]
[Black "Hakobyan, Aram"]
[Result "1-0"]
[WhiteElo "2431"]
[BlackElo "2625"]
[PlyCount "105"]
[EventDate "2024.12.30"]
[EventType "swiss (blitz)"]
[EventRounds "13"]
[EventCountry "USA"]
[SourceTitle "CB01_2025"]
[SourceDate "2025.01.01"]
[SourceVersion "1"]
[SourceVersionDate "2025.01.01"]
[SourceQuality "1"]

1. Nf3 Nf6 2. g3 g6 3. b3 c5 4. c4 d6 5. Bb2 e5 6. Bg2 Nc6 7. 0-0 Bg7 8. Nc3 0-0 9. d3 h6 10. a3 Be6 11. Nd2 d5 12. cxd5 Nxd5 13. Nc4 e4 14. Nxe4 Bxb2 15. Nxb2 b6 16. Nc4 Qe7 17. e3 Rad8 18. Qc2 Qd7 19. Rfd1 Bg4 20. Rd2 Bh3 21. Bh1 Rfe8 22. Ned6 Re6 23. Bxd5 Rxd6 24. Nxd6 Qxd6 25. Bh1 Qf6 26. d4 Ne7 27. Re1 Rc8 28. d5 Nf5 29. Qb2 Qe7 30. e4 Nd4 31. e5 Re8 32. b4 h5 33. Rxd4 cxd4 34. Qxd4 Rc8 35. Bg2 Bf5 36. e6 fxe6 37. dxe6 Re8 38. Bd5 Rd8 39. Qe5 Kh7 40. h4 Re8 41. Kg2 Rd8 42. Rc1 Rd6 43. Re1 a5 44. bxa5 bxa5 45. a4 Rd8 46. Be4 Bxe4+ 47. Qxe4 Rd6 48. Qe5 Rc6 49. Qd5 Rd6 50. Qe5 Rb6 51. Kg1 Rd6 52. Qxd6 Qxd6 53. e7 1-0

[Event "Wch Blitz"]
[Site "New York"]
[Date "2024.12.30"]
[Round "3"]
[White "Manafov, Vugar Gulam"]
[Black "Isanzhulov, Arystan"]
[Result "1-0"]
[WhiteElo "2431"]
[BlackElo "2395"]
[PlyCount "79"]
[EventDate "2024.12.30"]
[EventType "swiss (blitz)"]
[EventRounds "13"]
[EventCountry "USA"]
[SourceTitle "CB01_2025"]
[SourceDate "2025.01.01"]
[SourceVersion "1"]
[SourceVersionDate "2025.01.01"]
[SourceQuality "1"]

1. Nf3 Nf6 2. g3 g6 3. b3 Bg7 4. Bb2 0-0 5. Bg2 b6 6. 0-0 Bb7 7. c4 d6 8. d4 e6 9. Nc3 Ne4 10. Qc2 Nxc3 11. Bxc3 Qe7 12. b4 Nd7 13. a4 Nf6 14. a5 Be4 15. Qb2 Nd7 16. Ra3 Rab8 17. axb6 axb6 18. b5 Rfc8 19. Ra7 c6 20. Rfa1 cxb5 21. cxb5 Qe8 22. Bb4 Rc2 23. Qa3 Rxe2 24. Bxd6 Rc8 25. Bf1 Rec2 26. Ne5 Nxe5 27. Bxe5 Bf8 28. Qe3 Bd5 29. h4 Bg7 30. Bxg7 Kxg7 31. Qe5+ Kg8 32. h5 Rc1 33. h6 Qf8 34. Qf4 R1c3 35. Bg2 Bxg2 36. Kxg2 R3c4 37. Qf6 Rd8 38. Rxf7 Qxf7 39. Qxd8+ Qf8 40. Qd7 1-0

[Event "EU-ch 24th"]
[Site "Petrovac"]
[Date "2024.11.12"]
[Round "5"]
[White "Srdanovic, Jovana"]
[Black "Manafov, Vugar Gulam"]
[Result "1-0"]
[WhiteElo "2200"]
[BlackElo "2430"]
[PlyCount "89"]
[EventDate "2024.11.08"]
[EventType "swiss"]
[EventRounds "11"]
[EventCountry "MNE"]
[SourceTitle "CB47_2024"]
[SourceDate "2024.11.20"]
[SourceVersion "1"]
[SourceVersionDate "2024.11.20"]
[SourceQuality "1"]

1. d4 Nf6 2. c4 e6 3. Nc3 Bb4 4. Qc2 c5 5. dxc5 Bxc5 6. Nf3 Qc7 7. a3 a6 8. Bg5 Be7 9. e3 b6 10. Be2 Bb7 11. Rc1 d6 12. 0-0 Nbd7 13. Rfd1 0-0 14. b4 Rac8 15. Qb1 Qb8 16. Nd2 Rfe8 17. Bf4 Qa8 18. Nf3 e5 19. Bg3 Rc7 20. Bh4 Bf8 21. Ne1 Rec8 22. Qb2 Bc6 23. f3 e4 24. f4 d5 25. cxd5 Bxd5 26. g4 Be6 27. g5 Ne8 28. Bg3 Rc6 29. Nb1 Rxc1 30. Rxc1 Rxc1 31. Qxc1 a5 32. Nc2 axb4 33. axb4 Nd6 34. Nd4 Bh3 35. Be1 Qe8 36. Qc6 Nf5 37. Nxf5 Bxf5 38. Bc3 Qb8 39. Qd5 Be6 40. Qxe4 Ba2 41. Bd3 f5 42. gxf6 g6 43. Bc4+ Bxc4 44. Qxc4+ Kh8 45. Qe6 1-0

[Event "EU-ch 24th"]
[Site "Petrovac"]
[Date "2024.11.10"]
[Round "3"]
[White "Manafov, Vugar Gulam"]
[Black "Deveci, Huseyin Said"]
[Result "1-0"]
[WhiteElo "2430"]
[BlackElo "2211"]
[PlyCount "141"]
[EventDate "2024.11.08"]
[EventType "swiss"]
[EventRounds "11"]
[EventCountry "MNE"]
[SourceTitle "CB47_2024"]
[SourceDate "2024.11.20"]
[SourceVersion "1"]
[SourceVersionDate "2024.11.20"]
[SourceQuality "1"]

1. d4 d5 2. Nf3 Nf6 3. c4 c6 4. Qb3 dxc4 5. Qxc4 Bg4 6. Nbd2 Nbd7 7. g3 e6 8. Bg2 Be7 9. 0-0 0-0 10. Qb3 Qb6 11. Nc4 Qa6 12. Re1 Rfd8 13. Bg5 h6 14. Bxf6 Bxf6 15. e3 Rab8 16. a4 Bxf3 17. Bxf3 c5 18. d5 exd5 19. Bxd5 Rf8 20. Rad1 Nb6 21. Nd6 Nxd5 22. Rxd5 Qc6 23. Red1 a6 24. Qc2 b6 25. b3 g6 26. Qe4 Qc7 27. Qc4 Be7 28. Qxa6 Bxd6 29. Rxd6 Rfd8 30. R6d3 Rxd3 31. Qxd3 Qc6 32. Qc4 Qc7 33. Rd5 Qc6 34. h4 h5 35. Qd3 Qf6 36. Rd6 Qa1+ 37. Kg2 Qe5 38. Rd5 Qf6 39. e4 Qe6 40. e5 Qc6 41. Kg1 Qe6 42. Kh2 Re8 43. f4 Rc8 44. Rd6 c4 45. Qe4 Qe8 46. bxc4 Qxa4 47. Rxg6+ Kf8 48. Rxb6 Rxc4 49. Rb8+ Kg7 50. Qf5 Qc2+ 51. Qxc2 Rxc2+ 52. Kh3 Rf2 53. Rb7 Kg6 54. Rb6+ Kg7 55. Rc6 Re2 56. Rd6 Kh7 57. Ra6 Kg7 58. Rf6 Rf2 59. Rf5 Kg6 60. Rg5+ Kh6 61. Rg8 Kh7 62. Rc8 Kg7 63. Rc1 Kg6 64. Rc6+ Kg7 65. Rc1 Re2 66. Rg1 Kg6 67. g4 Re3+ 68. Rg3 Re4 69. gxh5+ Kxh5 70. Rg5+ Kh6 71. Kg4 1-0

[Event "EU-ch 24th"]
[Site "Petrovac"]
[Date "2024.11.09"]
[Round "2"]
[White "Petrov, Nikita"]
[Black "Manafov, Vugar Gulam"]
[Result "1-0"]
[WhiteElo "2590"]
[BlackElo "2430"]
[PlyCount "43"]
[EventDate "2024.11.08"]
[EventType "swiss"]
[EventRounds "11"]
[EventCountry "MNE"]
[SourceTitle "CB47_2024"]
[SourceDate "2024.11.20"]
[SourceVersion "1"]
[SourceVersionDate "2024.11.20"]
[SourceQuality "1"]

1. e4 c5 2. Nf3 e6 3. d4 cxd4 4. Nxd4 a6 5. Bd3 g6 6. Be3 Bg7 7. Nc3 Qc7 8. Qd2 Nc6 9. Be2 Nge7 10. 0-0-0 b5 11. Nxc6 Nxc6 12. Bc5 Qa5 13. Qe3 Rb8 14. Kb1 Bxc3 15. bxc3 b4 16. c4 f6 17. h4 h6 18. f4 Kf7 19. h5 g5 20. fxg5 hxg5 21. Rhf1 Kg7 22. Rxf6 1-0

[Event "EU-Cup 39th"]
[Site "Vrnjacka Banja"]
[Date "2024.10.21"]
[Round "2.6"]
[White "Petersson, Kjell"]
[Black "Manafov, Vugar Gulam"]
[Result "0-1"]
[WhiteElo "2060"]
[BlackElo "2437"]
[PlyCount "98"]
[EventDate "2024.10.20"]
[EventType "team-swiss"]
[EventRounds "7"]
[EventCountry "SRB"]
[SourceTitle "CB44_2024"]
[Source "Chessbase"]
[SourceDate "2024.10.30"]
[SourceVersion "1"]
[SourceVersionDate "2024.10.30"]
[SourceQuality "1"]
[WhiteTeam "Lunds"]
[BlackTeam "Vugar Gashimov"]
[WhiteTeamCountry "SWE"]
[BlackTeamCountry "AZE"]

1. d4 Nf6 2. Bf4 e6 3. Nc3 Bb4 4. Qd3 c5 5. dxc5 Qa5 6. Bd2 Na6 7. e3 0-0 8. a3 Bxc5 9. Ne4 Qd8 10. Nxf6+ Qxf6 11. Bc3 Qe7 12. g3 d5 13. Bg2 Nc7 14. Ne2 b6 15. a4 e5 16. 0-0 Rd8 17. Rfe1 f6 18. Nc1 Be6 19. Nb3 Bd6 20. Qe2 Kh8 21. Red1 a5 22. Nd2 Na6 23. Nb1 Qf7 24. Na3 Nc5 25. Nb5 Bf8 26. h4 Rac8 27. Kh2 Qg6 28. Na7 Rc7 29. Nb5 Rcd7 30. b3 Bg4 31. f3 Be6 32. Qf2 Na6 33. Rac1 Nc7 34. Bf1 Bc5 35. Re1 Qf7 36. Nxc7 Rxc7 37. Red1 Ba3 38. Ra1 Rxc3 39. Rxa3 Qc7 40. Ra2 Qc5 41. Bd3 f5 42. Rd2 e4 43. fxe4 fxe4 44. Bf1 Rf8 45. Qg1 Rxe3 46. Rg2 Qc3 47. Bb5 Rf4 48. Bd3 Rxh4+ 49. gxh4 Rh3# 0-1

[Event "Abu Dhabi op-A 30th"]
[Site "Abu Dhabi"]
[Date "2024.08.23"]
[Round "8"]
[White "Yeganegi, Barad"]
[Black "Manafov, Vugar Gulam"]
[Result "0-1"]
[WhiteElo "2355"]
[BlackElo "2441"]
[PlyCount "84"]
[EventDate "2024.08.15"]
[EventType "swiss"]
[EventRounds "9"]
[EventCountry "UAE"]
[SourceTitle "EXT 2025"]
[Source "ChessBase"]
[SourceDate "2024.10.14"]
[SourceVersion "1"]
[SourceVersionDate "2024.10.14"]
[SourceQuality "1"]

1. d4 Nf6 2. c4 e6 3. g3 Bb4+ 4. Bd2 c5 5. Bxb4 cxb4 6. Bg2 0-0 7. Nf3 a5 8. 0-0 d6 9. Re1 Qe7 10. e4 e5 11. a3 Na6 12. axb4 axb4 13. Nbd2 Bg4 14. h3 Bxf3 15. Nxf3 Nd7 16. Qd2 Rfc8 17. b3 Ndb8 18. Red1 g6 19. Ra5 Nc6 20. Rb5 Rd8 21. Qe3 Kg7 22. Kh2 h5 23. dxe5 dxe5 24. Rbd5 f6 25. Bf1 Nc5 26. Rxd8 Rxd8 27. Rd5 b6 28. Be2 Kh7 29. g4 hxg4 30. hxg4 g5 31. Kg2 Ra8 32. Bd1 Kg7 33. Ne1 Nd4 34. Nc2 Nce6 35. Nxd4 exd4 36. Qd2 Nf4+ 37. Kf3 Rh8 38. Rxg5+ fxg5 39. Qxd4+ Kg8 40. Ke3 Rh3+ 41. f3 Qc5 42. e5 Rh2 0-1

[Event "Abu Dhabi op-A 30th"]
[Site "Abu Dhabi"]
[Date "2024.08.22"]
[Round "7"]
[White "Manafov, Vugar Gulam"]
[Black "Mohamed, Anees M"]
[Result "1/2-1/2"]
[WhiteElo "2441"]
[BlackElo "2370"]
[PlyCount "57"]
[EventDate "2024.08.15"]
[EventType "swiss"]
[EventRounds "9"]
[EventCountry "UAE"]
[SourceTitle "EXT 2025"]
[Source "ChessBase"]
[SourceDate "2024.10.14"]
[SourceVersion "1"]
[SourceVersionDate "2024.10.14"]
[SourceQuality "1"]

1. Nf3 d5 2. g3 g6 3. Bg2 Bg7 4. 0-0 e5 5. d3 Nc6 6. e4 dxe4 7. dxe4 Qxd1 8. Rxd1 Bg4 9. c3 Nf6 10. h3 Be6 11. Ne1 0-0 12. Be3 Rfd8 13. Rxd8+ Rxd8 14. Nd2 Ne8 15. Bf1 Nd6 16. Nd3 Nc4 17. Nxc4 Bxc4 18. Nc5 Bxf1 19. Kxf1 Bf8 20. Ke2 a5 21. Rd1 Rxd1 22. Kxd1 Bxc5 23. Bxc5 f5 24. Kc2 b6 25. Be3 Kf7 26. Kd3 Ke6 27. Kc4 fxe4 28. b4 Kd6 29. a4 1/2-1/2